|
|
|
|
| LEADER |
01185nas a2200265 u 4500 |
| 001 |
10027722 |
| 003 |
upatras |
| 005 |
20210117195627.0 |
| 008 |
750823s1957 us q p eng |
| 952 |
|
|
|0 0
|1 0
|2 ddc
|4 0
|6 370_000000000000000
|7 0
|9 21264
|a LISP
|b LISP
|c SER
|d 2016-04-24
|i 1184
|l 0
|o 370
|r 2016-04-24 00:00:00
|t 1
|w 2016-04-24
|y JNL
|
| 999 |
|
|
|c 12616
|d 12616
|
| 022 |
|
|
|a 0010-4086
|y 0588-9030
|
| 040 |
|
|
|a GR-PaULI
|c GR-PaULI
|
| 041 |
0 |
|
|a eng
|
| 082 |
0 |
4 |
|a 370
|
| 110 |
|
0 |
|a Comparative and International Education Society
|9 24644
|
| 222 |
|
0 |
|a Comparative education review
|b [Περιοδικό]
|
| 245 |
1 |
0 |
|a Comparative education review
|h [Περιοδικό]
|
| 260 |
|
|
|a Akron, OH
|b The Society
|
| 310 |
|
|
|a Τριμηνιαίο
|
| 362 |
0 |
|
|a 30(1986) ; 32(1988) -
|
| 710 |
2 |
|
|a Comparative Education Society.
|9 24645
|
| 852 |
|
|
|a GR-PaULI
|b ΠΑΤΡΑ
|b ΒΚΠ
|b Ζ
|k ΠΕΡ
|h 370
|m 1184
|t 1
|3 30(1986);32(1988)-
|3 Vol.43:No.4(1999:DEC)-Vol.52:No.3(2008:SEP), Vol.53:No.1(2009:MAR)-Vol.57:No.4(2013:DEC)
|
| 866 |
|
|
|a Vol.22, no. 2-3 (1978) ; Vol.29 (1985) - Vol. 30 (1986) ; Vol. 32 (1988) - Vol. 43 (1999) ; Vol. 52, no. 3 (2008) ; Vol. 53, no. 1 (2009) - Vol.57 (2013)
|
| 942 |
|
|
|2 ddc
|s 1
|c JNL
|